000 01956nam0a2200385 4500
001 RU\NLR\bibl\1868278
005 20260408052041.0
010 _a978-5-7511-1992-8
_9300
021 _aRU
_b2012-2336
_9173
035 _a(nilc)RSL-KNO-005383487
035 _a(NLR Aleph) 001858137
090 _a2494194
_c2494194
100 _a20120206d2011 |||y0rusy50 ca
101 0 _arus
102 _aRU
105 _ay |||||||||
200 1 _aЯзык и культура
_eматериалы XXI Международной научной конференции факультета иностранных языков Томского государственного университета, (Студенческая секция), 25-27 мая 2010 года
_f[под ред. С.К. Гураль]
210 _aТомск
_cИзд-во Томского университета
_d2011
215 _a213 с.
_d20
300 _aВ надзаг.: М-во образования и науки РФ, Гос. образоват. учреждение высш. проф. образования Томск. гос. ун-т, Фак. иностр. яз.
320 _aБиблиогр. в конце ст.
606 1 _aЯзык и культура
_jСъезды, совещания и т.п.
_9990965
_3RU\NLR\auth\6656388
686 _aШ100.122я431(0)
_2rubbk
686 _aС555.563я431(0)
_2rubbk
686 _aШ100.33я431
702 1 _aГураль
_bС. К.
_gСветлана Константиновна
_4340
711 1 2 _a"Язык и культура", международная научная конференция
_d21
_f2010
_eТомск
_3RU\NLR\AUTH\8810197834
_9284585
801 0 _aRU
_bRuMoRKP
_c20120206
_grcr
801 1 _aRU
_bРГБ
_c20120206
801 2 _aRU
_bNLR
_c20120211
_grcr
830 _aРед. по ЭК
942 _cBOOK
980 _aNB
980 _aNBR